[Event "Titled Tuesday intern op 11th Jun Early"]
[Site "Chess.com INT"]
[Date "2024.06.11"]
[Round "2"]
[White "Camacho Collados, Jose"]
[Black "Rychkov, Oleg"]
[Result "0-1"]
[WhiteElo "2361"]
[BlackElo "2384"]
[PlyCount "58"]
[EventDate "2024.06.11"]
[EventType "swiss (blitz)"]
[EventRounds "11"]
[EventCountry "USA"]
[SourceTitle "EXT 2025"]
[Source "ChessBase"]
[SourceDate "2024.10.14"]
[SourceVersion "1"]
[SourceVersionDate "2024.10.14"]
[SourceQuality "1"]

1. Nf3 Nf6 2. g3 d5 3. Bg2 c5 4. 0-0 Nc6 5. d4 cxd4 6. Nxd4 e5 7. Nxc6 bxc6 8. c4 Rb8 9. Nc3 d4 10. Bxc6+ Bd7 11. Bxd7+ Qxd7 12. Na4 h5 13. h4 Qh3 14. f3 Qxg3+ 15. Kh1 Ng4 16. fxg4 hxg4 17. Bg5 Qh3+ 18. Kg1 g3 19. Rf2 gxf2+ 20. Kxf2 f6 21. Qc2 fxg5 22. Qg6+ Ke7 23. Qxg5+ Kf7 24. Rg1 Qe3+ 25. Qxe3 dxe3+ 26. Kxe3 Rxh4 27. b3 Rb4 28. Nc3 Bc5+ 29. Kd2 Bxg1 0-1

[Event "Titled Tuesday intern op 28th Nov Early"]
[Site "Chess.com INT"]
[Date "2023.11.28"]
[Round "2"]
[White "Rychkov, Oleg"]
[Black "Shapiro, Viktor"]
[Result "1-0"]
[WhiteElo "2384"]
[BlackElo "2113"]
[PlyCount "95"]
[EventDate "2023.11.28"]
[EventType "swiss (blitz)"]
[EventRounds "11"]
[EventCountry "USA"]
[SourceTitle "EXT 2025"]
[Source "ChessBase"]
[SourceDate "2024.10.14"]
[SourceVersion "1"]
[SourceVersionDate "2024.10.14"]
[SourceQuality "1"]

1. e4 Nf6 2. e5 Nd5 3. d4 d6 4. Nf3 Bg4 5. Be2 e6 6. 0-0 Be7 7. c4 Nb6 8. Nc3 0-0 9. Be3 N8d7 10. exd6 cxd6 11. b3 d5 12. c5 Bxf3 13. Bxf3 Nc8 14. b4 Bf6 15. Rc1 Ne7 16. b5 Nf5 17. Qd2 Rc8 18. Rfd1 Re8 19. Bg4 Nxe3 20. fxe3 Bg5 21. Qf2 f5 22. Bf3 Nf6 23. g3 b6 24. c6 Qd6 25. a4 Rc7 26. Kg2 Bh6 27. Ne2 g5 28. Kh1 Rf8 29. Nc3 Rcf7 30. a5 Ne4 31. Qe2 g4 32. Bg2 Nxc3 33. Rxc3 Qb4 34. Rdc1 Qxa5 35. c7 Rc8 36. Rc6 Re7 37. Qd3 Kg7 38. h3 gxh3 39. Bxh3 Qb4 40. g4 f4 41. g5 Bxg5 42. Rg1 Kf6 43. Qf5+ Kg7 44. Qxg5+ Kf8 45. Qxf4+ Rf7 46. Qh6+ Ke8 47. Qxe6+ Qe7 48. Qxc8+ 1-0

[Event "Titled Tuesday intern op 28th Nov Early"]
[Site "Chess.com INT"]
[Date "2023.11.28"]
[Round "7"]
[White "Rychkov, Oleg"]
[Black "Vestby Ellingsen, Mads"]
[Result "1-0"]
[WhiteElo "2384"]
[BlackElo "2339"]
[PlyCount "105"]
[EventDate "2023.11.28"]
[EventType "swiss (blitz)"]
[EventRounds "11"]
[EventCountry "USA"]
[SourceTitle "EXT 2025"]
[Source "ChessBase"]
[SourceDate "2024.10.14"]
[SourceVersion "1"]
[SourceVersionDate "2024.10.14"]
[SourceQuality "1"]

1. e4 c5 2. Nf3 e6 3. d4 cxd4 4. Nxd4 Nc6 5. Nc3 Qc7 6. Ncb5 Qb8 7. Bd3 a6 8. Nxc6 dxc6 9. Nc3 Bd6 10. Qg4 g6 11. Qh4 h5 12. Bg5 Kf8 13. 0-0-0 Kg7 14. Kb1 Be5 15. Ne2 Qc7 16. f4 Bf6 17. e5 Bxg5 18. Qxg5 Qe7 19. Qg3 Bd7 20. Nc3 Nh6 21. Be4 Rad8 22. Qf3 Bc8 23. g3 Rxd1+ 24. Rxd1 Rd8 25. Bd3 Nf5 26. Ne4 c5 27. b3 b5 28. c3 Bb7 29. Qe2 c4 30. Bc2 cxb3 31. axb3 Rxd1+ 32. Qxd1 Qc7 33. Qd2 Bd5 34. Nf6 Ne7 35. Kb2 Qc5 36. h3 a5 37. g4 a4 38. gxh5 axb3 39. Bxb3 Bxb3 40. Kxb3 Qc4+ 41. Kb2 Nd5 42. Nxd5 exd5 43. hxg6 fxg6 44. Qd4 Qe2+ 45. Kb3 Qd1+ 46. Kb4 Qb1+ 47. Kc5 Qh1 48. Qxd5 Qxh3 49. Qd4 Kf7 50. Kxb5 Qf1+ 51. Qc4+ Qxc4+ 52. Kxc4 Ke6 53. Kd4 1-0

[Event "Titled Tuesday intern op 28th Nov Early"]
[Site "Chess.com INT"]
[Date "2023.11.28"]
[Round "5"]
[White "Toropov, Pavel"]
[Black "Rychkov, Oleg"]
[Result "1/2-1/2"]
[WhiteElo "2336"]
[BlackElo "2384"]
[PlyCount "200"]
[EventDate "2023.11.28"]
[EventType "swiss (blitz)"]
[EventRounds "11"]
[EventCountry "USA"]
[SourceTitle "EXT 2025"]
[Source "ChessBase"]
[SourceDate "2024.10.14"]
[SourceVersion "1"]
[SourceVersionDate "2024.10.14"]
[SourceQuality "1"]

1. e4 e5 2. Nf3 Nc6 3. d4 exd4 4. Nxd4 Nf6 5. Nc3 Bc5 6. Nb3 Bb6 7. Bg5 0-0 8. Bd3 h6 9. Bh4 d6 10. a4 a6 11. Nd5 g5 12. Nxb6 cxb6 13. Bg3 d5 14. exd5 Re8+ 15. Kf1 Qxd5 16. h4 g4 17. Qc1 Kg7 18. Bf4 Bf5 19. Bxh6+ Kh7 20. Bxf5+ Qxf5 21. Qf4 Qg6 22. Bg5 Ne4 23. Qc7 Rac8 24. Qxb6 Qf5 25. Qe3 g3 26. Qf4 Qxf4 27. Bxf4 Nxf2 28. Rg1 Ne4 29. Re1 f5 30. Re3 Nb4 31. c3 Nd5 32. Rf3 b5 33. axb5 axb5 34. Bxg3 b4 35. Be1 bxc3 36. bxc3 f4 37. Nd4 Ne3+ 38. Ke2 Nxc3+ 39. Bxc3 Rxc3 40. Kd2 Rc4 41. Kd3 Rd8 42. Rxf4 Re8 43. Re1 Rxd4+ 44. Kxd4 Nc2+ 45. Kd5 Nxe1 46. Re4 Rd8+ 47. Kc4 Nxg2 48. Re7+ Kh6 49. Re6+ Kh5 50. Re7 Kxh4 51. Rg7 Nf4 52. Rg1 Rc8+ 53. Kb5 Ne6 54. Rg6 Nd4+ 55. Kb4 Kh5 56. Rg1 Ne2 57. Rg2 Nf4 58. Rg3 Kh4 59. Rg7 Nd5+ 60. Kb3 Rb8+ 61. Kc4 Nf6 62. Rg6 Ng4 63. Rg7 Kg3 64. Kd4 Rd8+ 65. Ke4 Re8+ 66. Kf5 Rf8+ 67. Ke4 Rf4+ 68. Kd5 Kf3 69. Ra7 Rf5+ 70. Kd4 Kf4 71. Ra1 Nf2 72. Rf1 Kf3 73. Ra1 Rf4+ 74. Kd5 Nd3 75. Ke6 Re4+ 76. Kd5 Nf4+ 77. Kd6 Rd4+ 78. Kc5 Rd5+ 79. Kc6 Rd3 80. Ra4 Ke3 81. Ra8 Rc3+ 82. Kd6 Nd3 83. Re8+ Kd4 84. Rh8 Nc5 85. Rh4+ Ne4+ 86. Kd7 Rc5 87. Rh1 Nf6+ 88. Ke7 Nd5+ 89. Kd6 Ra5 90. Rh4+ Kd3 91. Rh3+ Kd4 92. Rh4+ Kd3 93. Rh3+ Ne3 94. Ke6 Ra6+ 95. Kd7 Ra5 96. Rh4 Ra6 97. Rh1 Ra5 98. Kc6 Ra6+ 99. Kb5 Rf6 100. Kc5 Rf5+ 1/2-1/2

[Event "Titled Tuesday intern op 28th Nov Early"]
[Site "Chess.com INT"]
[Date "2023.11.28"]
[Round "1"]
[White "Zimmermann, Ulrich"]
[Black "Rychkov, Oleg"]
[Result "0-1"]
[WhiteElo "2280"]
[BlackElo "2384"]
[PlyCount "86"]
[EventDate "2023.11.28"]
[EventType "swiss (blitz)"]
[EventRounds "11"]
[EventCountry "USA"]
[SourceTitle "EXT 2025"]
[Source "ChessBase"]
[SourceDate "2024.10.14"]
[SourceVersion "1"]
[SourceVersionDate "2024.10.14"]
[SourceQuality "1"]

1. Nf3 Nf6 2. e3 d5 3. Be2 c5 4. 0-0 Nc6 5. d4 Bg4 6. h3 Bxf3 7. Bxf3 e5 8. dxe5 Nxe5 9. Nd2 Bd6 10. c4 dxc4 11. Nxc4 Nxc4 12. Qa4+ Qd7 13. Qxc4 0-0 14. Rd1 Qe7 15. Bd2 Rad8 16. Bc3 b6 17. a4 Be5 18. a5 Bxc3 19. Qxc3 b5 20. Bc6 a6 21. Rac1 h6 22. Rxd8 Rxd8 23. Qxc5 Rd1+ 24. Kh2 Qc7+ 25. g3 Ne4 26. Qc2 Rxc1 27. Qxc1 Nxf2 28. Qc3 Nd1 29. Qd4 Nxe3 30. Be4 Nf1+ 31. Kg2 Nxg3 32. Bd3 Nh5 33. Be4 Nf6 34. Bd3 Qxa5 35. Qe3 Qd8 36. Kf3 g6 37. Bc2 Kg7 38. Qc3 Qd5+ 39. Kf2 Qg5 40. Bd3 Qf4+ 41. Kg2 g5 42. Kg1 b4 43. Kg2 bxc3 0-1